00608nam a22001937a 4500008004100000020001800041040001500059050002900074100002200103245006600125250001200191260004500203300001600248650004600264650004000310700002000350700002100370700002300391201116b xxu||||| |||| 00| 0 eng d a9781628100211 aKABUcKABU aKF 3509 b.L36 2015 C. 1 aLangbein, John H. aPension and employee benefit law.cJohn H. Langbein {et al..} a6th ed. aUnited State; bFoundation Press,c2015. axIix, 952p. aEmployee benefits vlaw and legislation  aPension trustsvLaw and legislation aPratt A. David  aStabile J. Susan aStumpff W. Andrew